logo

CONTENIDO DE LA FELICIDAD EL (Record no. 74473)

MARC details
000 -CABECERA
campo de control de longitud fija 00488nam a2200181Ia 4500
001 - NÚMERO DE CONTROL
campo de control 27857
005 - FECHA Y HORA DE LA ÚLTIMA TRANSACCIÓN
campo de control 20260414093235.0
008 - CÓDIGOS DE INFORMACIÓN DE LONGITUD FIJA
campo de control de longitud fija 260115s9999 xx 000 0 und d
035 ## - NÚMERO DE CONTROL DEL SISTEMA
Número de control de sistema 18260
090 ## - LOCALMENTE ASIGNADO TIPO-LC NÚMERO DE CLASIFICACIÓN (OCLC); NÚMERO DE CLASIFICACIÓN LOCAL (RLIN)
Número de clasificación (OCLC) (R) ; Numero de clasificación CALL (RLIN) (NR) 17.036.1
100 ## - PUNTO DE ACCESO PRINCIPAL - NOMBRE DE PERSONA
Nombre de persona SAVATER FERNANDO
245 #0 - MENCIÓN DE TÍTULO
Título CONTENIDO DE LA FELICIDAD EL
260 ## - PUBLICACIÓN, DISTRIBUCIÓN, ETC. (PIE DE IMPRENTA)
Nombre del editor distribuidor etc. SANTILLANA
Fecha de publicación distribución etc. 2002
630 ## - PUNTO DE ACCESO ADICIONAL DE MATERIA--TÍTULO UNIFORME
Título uniforme FILOSOFIA
650 ## - PUNTO DE ACCESO ADICIONAL DE MATERIA--TÉRMINO DE MATERIA
Término de materia o nombre geográfico como elemento inicial ETICA
942 ## - ELEMENTOS DE PUNTO DE ACCESO ADICIONAL (KOHA)
Tipo de ítem Koha Monografías
901 ## - ELEMENTOS DE DATOS A LOCAL LDA (RLIN)
a FH
b FH
y BK
p SEH_27857
i 24628
j 17.036.1
c GENERAL
t 1
z 24 CTMS. 210 PAGS. 13,50 €. MADRID
x 1
Holdings
Estado de retiro Estado de pérdida Estado dañado No para préstamo Localización permanente Ubicación/localización actual Ubicación en estantería Fecha de adquisición Número de inventario Número de registro Total de préstamos Código de barras Fecha visto por última vez Número de copia Precio válido a partir de Tipo de ítem Koha Nota pública
        Servicio de Estudios Históricos Servicio de Estudios Históricos   14/04/2026 24628 24628   SEH_27857 14/04/2026 1 14/04/2026 Monografías 24 CTMS. 210 PAGS. 13,50 €. MADRID